| 000 | 01024cam a2200301 i 4500 | ||
|---|---|---|---|
| 999 |
_c29033 _d29033 |
||
| 001 | 19110843 | ||
| 005 | 20170926152002.0 | ||
| 008 | 160527s2016 ke a b 000 0 eng | ||
| 010 | _a 2015333358 | ||
| 020 | _a9789966094643 | ||
| 040 |
_aDLC _beng _cDLC _erda |
||
| 042 |
_alcode _apcc |
||
| 043 | _af-ke--- | ||
| 050 | 0 | 0 | _aPN 5499 .P38 2016 |
| 100 | 1 | _aPatel, Zarina. | |
| 245 | 1 | 4 |
_aThe in-between world of Kenya's media : _bSouth Asian journalism, 1900-1992 / _cZarina Patel. |
| 300 |
_axiv, 200 pages : _billustrations (some color) ; _c22 x 28 cm |
||
| 504 | _aIncludes bibliographical references (pages 203-204). | ||
| 650 | 0 | _aSouth Asians in mass media. | |
| 650 | 0 |
_aJournalists _zKenya. |
|
| 906 |
_a7 _bcbc _corigode _d3 _encip _f20 _gy-gencatlg |
||
| 942 |
_2lcc _cBOOK _hGV 697 .K37 2016 |
||